000 00890nas a2200277 4500
001 BR9804736
003 BR-BrBNA
005 20231205101119.0
007 ta
008 230509b bl.|||p| |||| 00| 00por d
040 _aBR-BrBNA
_bpor
_cBiblioteca Nacional de Agricultura
041 _a(Pt)
072 _aF60
100 1 _aVieira, I.M.S.
100 1 _aCrocomo, O.J.
100 1 _aBatista, T.F.C.
100 1 _aRodrigues, R.C.
245 1 _aNiveis de acucares e atividade de invertases em cana-de-acucar (Saccharum officinarum); 1: cultivares Na 56-79 e CB41-76
650 _aAcucares
650 _aInvertase
650 _aCana de Acucar
650 _aAnalise Quimica
773 0 _tBoletim da Faculdade de Ciencias Agrarias do Para (Brazil)
_xISSN 0100-2694
_g(Jul-Dec 1995), (no. 24) p. 57-80
_wBR9804736
909 _a202311
_bLúcia
_c55
_dLúcia Elande
942 _2AGRIS
_n0
_cANA
999 _c159821
_d159821